Представление документа в формате MARC21

Поле Инд. ПП Название Значение
Тип записи a
Библиографический уровень m
001 Контрольный номер RU/IS/BASE/161367746
005 Дата корректировки 20250605125240.4
008 Кодируемые данные 19950517
020 00 a ISBN 5-86218-017-6
040 00 e Правила каталог. Люда 950517
084 a Индекс другой классификации/Индекс ББК 66.1(5Кит)3; 63.3(5Кит)3
090 00 a Полочн. индекс 66.1(5Кит)3
x Авторский знак К 532
097 00 a 230
245 00 a Заглавие Книга правителя Области Шан
c Ответственность перевод с китайского, вступительная статья, комментарии и послесловие Д. С. Переломова
246 01 a Другая форма заглавия Шан Цзюнь Шу
250 00 a Основные сведения об издании 2-е изд., доп.
260 00 a Место издания Москва
b Издательство Ладомир
c Дата издания 1992
300 00 a Объем 391 с.
336 a Термин вида содержания Текст
337 a Термин типа средства непосредственный
440 00 a Серия Памятники письменности Востока
650 04 a Основная рубрика история
a Основная рубрика история политических учений
a Основная рубрика политика
653 00 a Ключевые слова власть
a Ключевые слова внешняя политика
a Ключевые слова внутренняя политика
a Ключевые слова государственное право
a Ключевые слова государство
a Ключевые слова Дальний Восток
a Ключевые слова Древний Китай
a Ключевые слова древний мир
a Ключевые слова законодательство
a Ключевые слова законы
a Ключевые слова легисты
a Ключевые слова наказание
a Ключевые слова письменность
a Ключевые слова политология
a Ключевые слова поощрение
a Ключевые слова право
a Ключевые слова правовые теории
a Ключевые слова управление
a Ключевые слова художественная литература
a Ключевые слова Шан (область)
a Ключевые слова Шань Цзюнь Шу
a Ключевые слова Шань Янь
700 10 a Автор Переломов Л. С.
e Роль лиц переводчик
901 t Тип документа m
952 a Тип литературы для КСУ ВШ НАУ